000 00502nam a2200169Ia 4500
003 SGT
020 _a9788126513345
082 _a4
_bCOH
100 _aCohen,Daniel I.A.
245 _aIntroduction to computer theory
250 _a2nd Ed.
260 _bWiley India Pvt. Ltd.
_aN.Delhi
_c2008
300 _a634p.
650 _aCOMPUTER SCIENCE
653 _aBACKGROUND, LANGUAGE, RECURSIVE DEFINITIONS, REGULAR EXPRESSIONS, FINITE'AUTOMATE, TRANSITION GRAPHS, PUSH DOWN AUTOMATA
942 _2ddc
_cBK
_05
999 _c5279
_d5279